| 000 | 00658cab a2200205 4500 | ||
|---|---|---|---|
| 001 | WB3235-08 | ||
| 008 | 090401t1996 xxu||||| |||| 00| 0 eng d | ||
| 035 | _a(Sirsi) u1328 | ||
| 041 | _aeng | ||
| 245 | _aUK Business Property | ||
| 260 | _c1996 | ||
| 350 | _a0 | ||
| 490 |
_aFinancial Times _v20 September 1996, 14(1) |
||
| 520 | _aDiscusses evidence, from growing rental and property values, that the UK commercial property market is sustaining recovery. | ||
| 650 | _aINVESTMENT MARKET | ||
| 650 | _aPROPERTY-COMMERCIAL PROPERTY-OFFICE PROPERTY-OFFICE PROPERTY MARKET | ||
| 690 | _aPROPERTY-COMMERCIAL PROPERTY | ||
| 942 | _n0 | ||
| 948 | _c04/03/1997 | ||
| 999 |
_c728 _d728 |
||